| 000 | 00527nam a22001457a 4500 | ||
|---|---|---|---|
| 008 | 230601b |||||||| |||| 00| 0 eng d | ||
| 040 |
_aNational Science Library _cNational Science Library |
||
| 080 | _a621.38(05) | ||
| 245 |
_aProceedings of the symposium on electronics: _b(Solid state electronics/digital electronics/instrumentation) 1971 _c/ Department of Atomic Energy |
||
| 260 |
_aIndia: _bDepartment of Atomic Energy, _c1971 |
||
| 300 | _axviii, 413p. | ||
| 650 | _aElectronics | ||
| 653 | _aIndia | ||
| 942 |
_2udc _cPR |
||
| 999 |
_c38014 _d38014 |
||